MDQL
is popping MORE tags! Check the
thread
!
Quizzes
Events
Quiz Creation
Community
Videos
Private Events
Remove Ads
Sign In
Join for FREE
Feedback
Dark Mode
Quiz Categories
Sports
Geography
Music
Movies
Television
Just For Fun
Miscellaneous
History
Literature
Language
Science
Gaming
Entertainment
Religion
Holiday
For Kids
Quiz Lab
Recent
Popular Today
Quiz Kudos Today
Editor Picks
Curator Picks
Quizzes by...
Day
Popularity
Type
Ratings
Length
Year
Community
Subscriptions
Recent Discussions
Orange Saloon
Badges
Playlists
Quests
Create
Leaderboards
Showdown
Live 5
Trivia Bingo
Activity
Puzzle Library
Sporcle Events
Private Events
Virtual Trivia
Globe League
Become a Host
Pub Owners
SporcleCon
Opinionation
Our Games
Videos
Blog
Mobile Apps
Partnerships
Remove Ads and Go Orange
Feedback
Gaming
Video Games
Board Games
Card Games
Pokémon
Mario
Nintendo
Minecraft
Console
Toys
Legend of Zelda
Gaming
Video Games
Board Games
Card Games
Pokémon
Mario
Nintendo
Minecraft
Console
Toys
Legend of Zelda
Random Quiz
Search Sporcle
×
Quiz Lab
Quiz Lab
Gaming
2016
Type in answers that appear in a list
Type in answers that appear in a list
Classic
Best Score? Go Orange.
Ro-Hockey Teams June 2016 Stats
Can you name the Ro-Hockey Teams In the big 4 leagues as of June 7th 2016?
By
nastyeddie
8m
28 Questions
3 Plays
3 Plays
3 Plays
Comments
Comments
Give Quiz Kudos
Give Quiz Kudos
-
- Ratings
hide this ad
Replay
Link that replays current quiz
Next Quiz
Link to next quiz in quiz playlist
You Got
0%
They Got
Avg Score
51%
Avg Friend Score
Upgrade to see
Score Distribution
Jump to the score distribution portion of the page
Score
0/28
Timer
08:00
0
Plays Today
League
Team
% Correct
RNHL
Chicago Dragons
100%
RNHL
Laval Firebirds
66.7%
RNHL
Kansas City Royals
66.7%
RNHL
Fargo Force
66.7%
RNHL
Miami Tropics
66.7%
RNHL
Seattle Sea Lions
66.7%
JHL
Orlando Otters
66.7%
JHL
Flagstaff 66ers
66.7%
JHL
Connecticut Whalers
66.7%
JHL
Denver Miners
66.7%
RHL
Las Vegas Aces
66.7%
RHL
Toronto Wolves
66.7%
RHL-
DL
Victoria Secret
66.7%
RHL-
DL
Mobile Phones
66.7%
League
Team
% Correct
RHL-
DL
Chilliwack Chiefs
66.7%
RNHL
Minnesota Wolfpack
33.3%
RNHL
Phoenix Rattlers
33.3%
JHL
Las Vegas Bones
33.3%
JHL
Gatineau Bulls
33.3%
JHL
Alaska Aces
33.3%
JHL
Portland Steel
33.3%
RHL
California Golden Seals
33.3%
RHL
Gainesville Gladiators
33.3%
RHL
Indiana Ice Miners
33.3%
RHL
Minnesota Muskies
33.3%
RHL
Portland Panthers
33.3%
RHL-
DL
Tallinn Terror
33.3%
RHL
Orange County Mighty Dolans
0%
Quiz Playlist
Details
Report
Send in Message
Add To Playlist
Classic:
Type in answers that appear in a list
Last Updated: Feb 16, 2017
Quiz Scoreboard
CHALLENGE
Sign Up to Join the Scoreboard
Show All
Scores
Hide
Comments
May contain spoilers
Recently Published
Colored Red Africa Blitz
by spor1
Geography
30s
Find the 'City' Movie
by crazypaving
Movies
60s
5x2 Blitz: Bands
by SL_Kpop136
Music
30s
More to Explore
Quiz From the Vault
Featured Blog Post
14 Easter Pick-up Lines to Find Eggs With
hide this ad
You Might Also Like...
Tags
2016
7th
June
League
team
Today's Top Quizzes in Gaming
Browse Gaming
hide this ad
Today's Top Quizzes in 2016
Browse 2016
Top Contributed Quizzes in Gaming
1
Destiny 2 exotic weapons by perk icons
2
Legendary or Exotic?
3
Dead By Daylight Logic Puzzle
4
Genshin murder mystery
5
League of Legends Pro Players by Career/Team History
6
Overwatch Logic Puzzle
7
Stardew Mayhem 2: Electric Boogaloo
8
Windmill: Elements
9
Arcade Game Bunker
10
Valorant Utility Use (Up to Clove)
Explore More
Trending Topics
Harry Potter
Anime
Crossword
Disney
Kpop
NBA
Marvel
Country
WWE
Pokémon
Puzzle
Song
Soccer
The Office
NFL
hide this ad
More By:
nastyeddie
Quiz
Plays
Rating
Category
Featured
Created
Ro-Hockey Teams June 2016
3
Gaming
Jun 7, 2016
Go to Creator's Profile
Score Distribution
Quiz Creator Spotlight
nastyeddie
Follow
Send a Message
Quizzes Created
-
Created Quiz Play Count
-
More By This Creator
Popular Quizzes Today
1
5x2 Blitz: Bands
2
Find the 'City' Movie
3
Colored Red Africa Blitz
4
Find the US States - No Outlines Minefield
5
The Countries of the World
6
Find the US States
7
9x9 Crossword: Cartoon Network
8
US States
More Gaming Quizzes
P O K é M O N: Gen 2
Quiz Lab
Trending Quizzes
Colored Red Africa Blitz II
Colored Red Europe Blitz I
Christmas Pick: Judaism
Colored Red Africa Blitz III
Colored Red Europe Blitz II
Recently Updated
Champions League XIs: Real Madrid
pecheneg
Largest US Cities 1790-2010
pecheneg
Rides in Walt Disney World
pecheneg
Most Oscar Losses (Acting)
pecheneg
Beyoncé Albums
pecheneg
Leaping Animals
pecheneg
Reality TV Shows (A-Z)
bhenderson79
Rickey Henderson's Hall of Fame Teammates
pecheneg
Champions League XIs: Arsenal
pecheneg
Quick Pick: Celebrities in WWE's Hall of Fame
aduchscher
Trending Topics
NBA
Anime
Disney
Crossword
Harry Potter
Kpop
Marvel
Soccer
Song
Puzzle
Pokémon
WWE
The Office
NFL
Country
Your Account Isn't Verified!
In order to create a playlist on Sporcle, you need to verify the email address you used during registration. Go to your
Sporcle Settings
to finish the process.
Report this User
Report this user for behavior that violates our
Community Guidelines
.
Details:
Send Report
Go to the Sporcle.com Mobile Site →
Comments